00833 2200229 4500001002100000005001700021008004100038035002500079040001200104082001500116084002000131100001600151245020900167260004500376300003300421500004700454504002900501650002000530700002300550850001200573990001800585INLIS00000000000932320150808110925.0  a0010-081500000000761 aYOPDYOG 223a307.12 aSK 307.72 Tri K aTri Susanto aKajian sosial, ekonomi masyarakat desa Hutam dalam pengelolaan hutan bersama masyarakatb(Studi kasus di desa Bekutuk, RPH Kali Gawan, BKPH temu ireng, KPH Randublatung -Unit I Jawa Tengah)c/ Tri Susanto aYogyakartabUniversitas Gajah Madac2008 axiii, 78 lembar.c; 29,5 cm. aSkripsi Manajemen Hutan Fakultas Kehutanan aBibliografi : hlm. 77-79 aMasyarakat Desa aWAHYU Tri Widayati aYOPDYOG a47573-PD/A.15